<?xml version="1.0" encoding="UTF-8"?>
<collection xmlns="http://www.loc.gov/MARC21/slim">
 <record>
  <leader>01940am 1a2000325a 44500</leader>
  <controlfield tag="001">1/55129</controlfield>
  <controlfield tag="008">220329s2021    gr ua|||||b||||001 0gre |</controlfield>
  <datafield tag="020" ind1=" " ind2=" ">
   <subfield code="a">9789925576388 </subfield>
  </datafield>
  <datafield tag="040" ind1=" " ind2=" ">
   <subfield code="a">GR-PeUP</subfield>
  </datafield>
  <datafield tag="082" ind1="0" ind2="0">
   <subfield code="a">658.8 ΜΑΡ</subfield>
  </datafield>
  <datafield tag="245" ind1="1" ind2="0">
   <subfield code="a">Μάρκετινγκ  :</subfield>
   <subfield code="b">έννοιες και στρατηγικές /</subfield>
   <subfield code="c">Sally Dibb ... [κ.ά.] ; συντονισμός-πρόλογος Γιάννης Α. Πολλάλης ; γενική επιμέλεια Ειρήνη Χ. Καμενίδου, Γεώργιος Φ. Κοκκίνης, Θωμάς Α. Φωτιάδης ; επιμέλεια επιμέρους ενοτήτων Κωνσταντίνος Α. Κορωνιός, Χρήστος Π. Λίβας, Αντώνιος Ν. Ρεζίτης ; μετάφραση Σταμάτης Χ. Κώντσας.</subfield>
  </datafield>
  <datafield tag="260" ind1=" " ind2=" ">
   <subfield code="a">Nicosia, Cyprus :</subfield>
   <subfield code="b">Broken Hill Publishers,</subfield>
   <subfield code="c">2021.</subfield>
  </datafield>
  <datafield tag="300" ind1=" " ind2=" ">
   <subfield code="a">943 σ. :</subfield>
   <subfield code="b">εικ. ;</subfield>
   <subfield code="c">31 εκ.</subfield>
  </datafield>
  <datafield tag="500" ind1=" " ind2=" ">
   <subfield code="a">Μετάφραση του: Marketing concepts and strategies.</subfield>
  </datafield>
  <datafield tag="500" ind1=" " ind2=" ">
   <subfield code="a">Άλλοι συγγραφείς: Lyndon Simkin, William M. Pride, O.C. Ferrell.</subfield>
  </datafield>
  <datafield tag="504" ind1=" " ind2=" ">
   <subfield code="a">Περιλαμβάνει βιβλιογραφικές παραπομπές και ευρετήριο.</subfield>
  </datafield>
  <datafield tag="650" ind1=" " ind2="0">
   <subfield code="a">Marketing.</subfield>
  </datafield>
  <datafield tag="650" ind1=" " ind2="4">
   <subfield code="a">Μάρκετινγκ.</subfield>
  </datafield>
  <datafield tag="700" ind1="1" ind2=" ">
   <subfield code="a">Dibb, Sally,</subfield>
   <subfield code="d">1963-</subfield>
  </datafield>
  <datafield tag="700" ind1="1" ind2=" ">
   <subfield code="a">Pride, William M.</subfield>
  </datafield>
  <datafield tag="700" ind1="1" ind2=" ">
   <subfield code="a">Ferrell, O. C.</subfield>
  </datafield>
  <datafield tag="700" ind1="1" ind2=" ">
   <subfield code="a">Πολλάλης, Γιάννης Α.</subfield>
  </datafield>
  <datafield tag="700" ind1="1" ind2=" ">
   <subfield code="a">Καμενίδου, Ειρήνη Χ.</subfield>
  </datafield>
  <datafield tag="700" ind1="1" ind2=" ">
   <subfield code="a">Κοκκίνης, Γεώργιος.</subfield>
  </datafield>
  <datafield tag="700" ind1="1" ind2=" ">
   <subfield code="a">Κορωνιός, Κωνσταντίνος Α.</subfield>
  </datafield>
  <datafield tag="700" ind1="1" ind2=" ">
   <subfield code="a">Λίβας, Χρήστος Π.</subfield>
  </datafield>
  <datafield tag="700" ind1="1" ind2=" ">
   <subfield code="a">Κώντσας, Σταμάτης Χ.</subfield>
  </datafield>
  <datafield tag="852" ind1=" " ind2=" ">
   <subfield code="a">INST</subfield>
   <subfield code="b">UNIPILB</subfield>
   <subfield code="c">EUDOXOS</subfield>
   <subfield code="e">20220329</subfield>
   <subfield code="h">658.8 ΜΑΡ</subfield>
   <subfield code="p">00187412</subfield>
   <subfield code="q">00187412</subfield>
   <subfield code="t">LOAN</subfield>
   <subfield code="y">0</subfield>
   <subfield code="4">1</subfield>
  </datafield>
  <datafield tag="852" ind1=" " ind2=" ">
   <subfield code="a">INST</subfield>
   <subfield code="b">UNIPILB</subfield>
   <subfield code="c">EUDOXOS</subfield>
   <subfield code="e">20220329</subfield>
   <subfield code="h">658.8 ΜΑΡ</subfield>
   <subfield code="p">00187413</subfield>
   <subfield code="q">00187413</subfield>
   <subfield code="t">LOAN</subfield>
   <subfield code="y">0</subfield>
   <subfield code="4">2</subfield>
  </datafield>
  <datafield tag="852" ind1=" " ind2=" ">
   <subfield code="a">INST</subfield>
   <subfield code="b">UNIPILB</subfield>
   <subfield code="c">EUDOXOS</subfield>
   <subfield code="e">20220329</subfield>
   <subfield code="h">658.8 ΜΑΡ</subfield>
   <subfield code="p">00187414</subfield>
   <subfield code="q">00187414</subfield>
   <subfield code="t">LOAN</subfield>
   <subfield code="y">0</subfield>
   <subfield code="4">3</subfield>
  </datafield>
 </record>
</collection>
